000 00340nam a22001457a 4500
008 221216b ||||| |||| 00| 0 eng d
020 _a9780816077236
041 _aeng
080 _2THIRD EDITION
_a61
082 _a61STR
100 _a4
101 _aMJEKSI
245 _aTHE ENCYCLOPEDIA OF HIV AND ADIS
_cSTRATTON S
942 _2udc
_cBK
999 _c59188
_d59188